Studien über die Genealogie und Psychologie der Musiker /

Bibliographic Details
Main Author: Feis, Oswald
Format: Book
Language:German
Published: Wiesbaden : J.F. Bergmann, 1910.
Series:Grenzfragen des Nerven- und Seelenlebens ; Heft 71.
Subjects:

MARC

Tag First Indicator Second Indicator Subfields
LEADER 00000cam a2200000Ia 4500
001 in00002012229
005 20151031153923.0
008 841025s1910 gw 000 0 ger
010 |a  11016389  
035 |a (OCoLC)ocm11309468 
040 |a DLC  |c GZH  |d IXA  |d TXA  |d UtOrBLW 
049 |a TXAM 
050 0 0 |a ML3838  |b .F45 1910 
100 1 |a Feis, Oswald. 
245 1 0 |a Studien über die Genealogie und Psychologie der Musiker /  |c von Oswald Feis. 
264 1 |a Wiesbaden :  |b J.F. Bergmann,  |c 1910. 
300 |a 97 pages ;  |c 27 cm. 
336 |a text  |b txt  |2 rdacontent 
337 |a unmediated  |b n  |2 rdamedia 
338 |a volume  |b nc  |2 rdacarrier 
490 1 |a Grenzfragen des Nerven- und Seelenlebens ;  |v Heft 71 
536 |a From the Howard Mayer Brown, Edward Downes and Mary Schieffelin book collections, October 2004. 
650 0 |a Musicians. 
650 0 |a Heredity, Human. 
650 0 |a Psychology. 
830 0 |a Grenzfragen des Nerven- und Seelenlebens ;  |v Heft 71. 
948 |a cataloged  |b h  |c 2004/12/17  |d c  |e jgreene  |f 11:13:10 am 
994 |a E0  |b TXA 
999 |a MARS 
999 f f |s ad701723-7f80-3292-b5a1-f767c8b08402  |i cfb75122-1e36-3e57-8ae6-2171fc433cd1  |t 0 
952 f f |p normal  |a Texas A&M University  |b College Station  |c Sterling C. Evans Library  |d Evans: Library Stacks  |t 0  |e ML3838 .F45 1910  |h Library of Congress classification  |i unmediated -- volume  |m A14831694025 
998 f f |a ML3838 .F45 1910  |t 0  |l Evans: Library Stacks